ბათუმის შოთა რუსთაველის სახელმწიფო უნივერსიტეტის ბიბლიოთეკა

თარგმანები 2014-2017 = Übersetzungen, 2014-2017 / (ბიბ.ჩანაწერი № 55640)

000 -ლიდერი
ფიქსირებული სიგრძის საკონტროლო ველი 01078nam a2200265Ia 4500
001 - საკონტროლო ნომერი
საკონტროლო ველი 22735
003 - საკონტროლო ნომრის იდენტიფიკატორი
საკონტროლო ველი GE_BSU
005 - ბოლო ოპერაციის თარიღი და დრო
საკონტროლო ველი 20230504172608.0
008 - ფიქსირებული სიგრძის მონაცემთა ელემენტები - ზოგადი ინფორმაცია
ფიქსირებული სიგრძის საკონტროლო ველი 181216s ||||ge |||||||||||||| ||geo||
020 ## - წიგნის საერთაშორისო სტანდარტული ნომერი
International Standard Book Number 9789941277818
040 ## - კატალოგიზაციის წყარო
Transcribing agency GE_BSU
041 ## - ენის კოდი
Language code of text/sound track or separate title geo
080 ## - უნივერსალური ათობითი კლასიფიკაციის ინდექსი
Universal Decimal Classification number 821.03=353.1 ბ-25
100 ## - მთავარი ჩანაწერი - პიროვნების სახელი
Personal name ბაქრაძე, დათო
9 (RLIN) 17976
245 ## - ცნობა სათაურის შესახებ
Title თარგმანები 2014-2017 = Übersetzungen, 2014-2017 /
Statement of responsibility, etc დათო ბაქრაძე.
250 ## - გამოცემის ცნობა
Edition statement საარქივო გამოცემა
264 ## - წარმოების, გამოცემის, დისტრიბუციის და სხვა ცნობები
გამოცემის, წარმოების, დისტრიბუციის... ადგილი თბილისი :
გამოცემის, წარმოების, დისტრიბუციის... სახელწოდება გამ-ბა მერწყული,
გამოცემის, წარმოების, დისტრიბუციის... თარიღი 2018.
300 ## - ფიზიკური აღწერა
Extent 448 გვ. ;
Dimensions 20 სმ.
500 ## - ზოგადი შენიშვნა
General note გარეკანზე ჟან-ფრანსუა მილეს მთესველი
520 ## - SUMMARY, ETC.
Summary, etc გარეკანზე: ჟან-ფრანსუა მილეს მთესველი.
653 ## - INDEX TERM--UNCONTROLLED
Uncontrolled term თარგმანები 2014-2017 = Übersetzungen 2014-2017
653 ## - INDEX TERM--UNCONTROLLED
Uncontrolled term ლიტერატურა
942 ## - ADDED ENTRY ELEMENTS (KOHA)
Koha item type წიგნი
Source of classification or shelving scheme
ეგზემპლარები
ჩამოწერის სტატუსი დაკარგული ეგზემპლარის სტატუსი კლასიფიკაციის წყარო ან თაროზე გაწყობის სქემა დაზიანების სტატუსი არ გაიცემა მუდმივი მდებარეობა (დაცვის ადგილი) ამჟამინდელი ადგილსამყოფელი თაროზე განთავსების ადგილი შეძენის თარიღი ღირებულება, შესყიდვის ნორმალური ფასი სრული შენახვის შიფრი შტრიხკოდი ბოლო ოპერაციის თარიღი ეგზემპლარის მიმდევრობითი ნომერი (კეტერი?) ფასის ძალაში შესვლის თარიღი ეგზემპლარის სახეობა საჯარო შენიშვნა
          ბათუმის შოთა რუსთაველის სახელმწიფო უნივერსიტეტის მთავარი ბიბლიოთეკა ბათუმის შოთა რუსთაველის სახელმწიფო უნივერსიტეტის მთავარი ბიბლიოთეკა წიგნსაცავი 2018-12-17 8.00 821.03=353.1 ბ-25 58240 2018-12-17 58240 2018-12-17 წიგნი 8.00 ₾.